[Event "AUT-ch Vor2 Internet"]
[Site "Playchess.com INT"]
[Date "2020.04.13"]
[Round "2"]
[White "Astner, Klaus"]
[Black "Riegler, Leonie"]
[Result "0-1"]
[WhiteElo "1409"]
[BlackElo "1579"]
[PlyCount "58"]
[EventDate "2020.04.13"]
[EventType "swiss (blitz)"]
[EventRounds "9"]
[EventCountry "AUT"]
[SourceTitle "CBM 195 Extra"]
[Source "ChessBase"]
[SourceDate "2020.05.31"]
[SourceVersion "1"]
[SourceVersionDate "2020.05.31"]
[SourceQuality "1"]

1. d4 d5 2. c4 e6 3. Nc3 Nf6 4. Bg5 Be7 5. Nf3 0-0 6. e3 c5 7. cxd5 Nxd5 8. Bxe7 Qxe7 9. Nxd5 exd5 10. Be2 Nc6 11. 0-0 Bf5 12. Bb5 Be4 13. Bxc6 bxc6 14. Ne5 cxd4 15. Nxc6 Qg5 16. g3 dxe3 17. f4 Qh6 18. Nd4 Qh3 19. Qe2 Rfd8 20. Nf3 d4 21. Ng5 Qf5 22. Nxe4 Qxe4 23. Rad1 Rab8 24. Rfe1 Rbc8 25. Qa6 Rc2 26. Re2 Rxe2 27. Qxe2 d3 28. Rxd3 Qxd3 29. Qg4 e2 0-1

[Event "AUT-ch Vor2 Internet"]
[Site "Playchess.com INT"]
[Date "2020.04.13"]
[Round "3"]
[White "Riegler, Leonie"]
[Black "Rosol, Philip"]
[Result "0-1"]
[WhiteElo "1579"]
[BlackElo "1468"]
[PlyCount "116"]
[EventDate "2020.04.13"]
[EventType "swiss (blitz)"]
[EventRounds "9"]
[EventCountry "AUT"]
[SourceTitle "CBM 195 Extra"]
[Source "ChessBase"]
[SourceDate "2020.05.31"]
[SourceVersion "1"]
[SourceVersionDate "2020.05.31"]
[SourceQuality "1"]

1. d4 Nf6 2. c4 g6 3. Nc3 Bg7 4. e4 d6 5. f4 0-0 6. Be2 Nbd7 7. Nf3 c6 8. 0-0 Qc7 9. e5 dxe5 10. fxe5 Ne8 11. Bg5 f6 12. Bf4 e6 13. exf6 Qxf4 14. fxg7 Nxg7 15. Ne5 Qe3+ 16. Kh1 Nxe5 17. dxe5 Qxe5 18. Rxf8+ Kxf8 19. Qf1+ Qf5 20. Bf3 Bd7 21. Rd1 Rd8 22. Qe2 Ke7 23. Bg4 Qf6 24. Rf1 Qg5 25. Qf3 Nf5 26. Ne4 Qe3 27. Qxe3 Nxe3 28. Bf3 Nxf1 29. Kg1 Ne3 30. Kf2 Nxc4 31. b3 Nd6 32. Nc5 b6 33. Nd3 c5 34. Ne5 Rf8 35. Ke2 Nf5 36. Be4 Nd4+ 37. Ke3 Rf1 38. Bf3 Re1+ 39. Kf4 g5+ 40. Kxg5 Rxe5+ 41. Kh6 Nxf3 42. gxf3 Rf5 43. Kxh7 Rxf3 44. h4 Rh3 45. h5 Rxh5+ 46. Kg6 Rd5 47. a3 e5 48. Kg5 Ke6 49. Kg6 e4 50. a4 Ke5 51. Kg5 e3 52. Kh4 e2 53. Kg5 e1Q 54. Kg6 Qg3+ 55. Kf7 Be6+ 56. Ke8 Rd7 57. Kf8 Qg6 58. b4 Qf7# 0-1

[Event "AUT-ch U16 Girls"]
[Site "Sankt Veit an der Glan"]
[Date "2019.04.15"]
[Round "3"]
[White "Jeitler, Selina"]
[Black "Riegler, Leonie"]
[Result "0-1"]
[WhiteElo "1181"]
[BlackElo "1550"]
[PlyCount "56"]
[EventDate "2019.04.14"]
[EventType "swiss"]
[EventRounds "7"]
[EventCountry "AUT"]
[SourceTitle "CBM 190 Extra"]
[Source "ChessBase"]
[SourceDate "2019.07.15"]
[SourceVersion "1"]
[SourceVersionDate "2019.07.15"]
[SourceQuality "1"]

1. e4 c5 2. Nf3 d6 3. d4 cxd4 4. Nxd4 Nf6 5. Nc3 a6 6. Bg5 e6 7. f4 Nbd7 8. Qf3 Qc7 9. Bd3 b5 10. 0-0-0 Bb7 11. Rhe1 Be7 12. Kb1 Nc5 13. Rd2 b4 14. Nd1 Rc8 15. Nf2 Na4 16. Nb3 Nc5 17. Qd1 h6 18. Bh4 a5 19. Nxc5 Qxc5 20. Ree2 g5 21. Bg3 Nd7 22. c3 bxc3 23. Rc2 Qb4 24. Qc1 gxf4 25. Bxf4 Bf6 26. b3 a4 27. Ka1 axb3 28. axb3 Qxb3 0-1

[Event "AUT-ch U16 Girls"]
[Site "Sankt Veit an der Glan"]
[Date "2019.04.14"]
[Round "1"]
[White "Oberberger, Bianca"]
[Black "Riegler, Leonie"]
[Result "0-1"]
[WhiteElo "1230"]
[BlackElo "1550"]
[PlyCount "52"]
[EventDate "2019.04.14"]
[EventType "swiss"]
[EventRounds "7"]
[EventCountry "AUT"]
[SourceTitle "CBM 190 Extra"]
[Source "ChessBase"]
[SourceDate "2019.07.15"]
[SourceVersion "1"]
[SourceVersionDate "2019.07.15"]
[SourceQuality "1"]

1. d4 d5 2. Nf3 Nf6 3. e3 e6 4. Bd3 c5 5. c3 Nc6 6. Nbd2 Bd6 7. 0-0 0-0 8. e4 e5 9. dxe5 Nxe5 10. Nxe5 Bxe5 11. Nf3 Bc7 12. exd5 Qxd5 13. Bg5 Qd6 14. Bc2 Qc6 15. Re1 Bg4 16. Bxf6 Qxf6 17. Qd3 Qh6 18. g3 Rad8 19. Qe4 Qh5 20. Nh4 b5 21. Qc6 Rd2 22. Rac1 Bd8 23. Ng2 c4 24. Qe4 Bf3 25. Qf4 Bg5 26. Qf5 g6 0-1

[Event "AUT-ch U16 Girls"]
[Site "St Veit"]
[Date "2018.03.27"]
[Round "5"]
[White "Katter, Marlene"]
[Black "Riegler, Leonie"]
[Result "1/2-1/2"]
[WhiteElo "1365"]
[BlackElo "1595"]
[PlyCount "29"]
[EventDate "2018.03.25"]
[EventType "swiss"]
[EventRounds "7"]
[EventCountry "AUT"]
[SourceTitle "EXT 2019"]
[Source "ChessBase"]
[SourceDate "2018.10.10"]
[SourceVersion "1"]
[SourceVersionDate "2018.10.10"]
[SourceQuality "1"]

1. d4 d5 2. Nf3 Nf6 3. Bf4 c5 4. c3 Nc6 5. e3 Qb6 6. Na3 Nh5 7. Bg5 Qxb2 8. Nb5 Kd7 9. e4 a6 10. Rb1 Qxa2 11. Ra1 Qb2 12. Rb1 Qa2 13. Ra1 Qb2 14. Rb1 Qa2 15. Ra1 1/2-1/2

[Event "AUT-ch U16 Girls"]
[Site "St Veit"]
[Date "2018.03.25"]
[Round "2"]
[White "Katter, Katharina"]
[Black "Riegler, Leonie"]
[Result "1-0"]
[WhiteElo "1702"]
[BlackElo "1595"]
[PlyCount "61"]
[EventDate "2018.03.25"]
[EventType "swiss"]
[EventRounds "7"]
[EventCountry "AUT"]
[SourceTitle "EXT 2019"]
[Source "ChessBase"]
[SourceDate "2018.10.10"]
[SourceVersion "1"]
[SourceVersionDate "2018.10.10"]
[SourceQuality "1"]

1. d4 d5 2. Nf3 Nf6 3. e3 c5 4. b3 e6 5. Bd3 Nc6 6. Bb2 Bd6 7. 0-0 0-0 8. Nbd2 Re8 9. Ne5 Qc7 10. f4 Rb8 11. c4 dxc4 12. bxc4 cxd4 13. exd4 Qb6 14. Nb3 Bxe5 15. fxe5 Nd7 16. Bxh7+ Kf8 17. Qh5 f6 18. Bg6 Ke7 19. Bxe8 Kd8 20. Rae1 Nb4 21. Bxd7 Bxd7 22. Qh8+ Kc7 23. Qxg7 f5 24. Nc5 Rd8 25. Ba3 a5 26. Bxb4 axb4 27. Rb1 Kc8 28. a3 b3 29. Rxb3 Qc7 30. Rxb7 Qc6 31. Rfb1 1-0

[Event "AUT-ch U14 Girls"]
[Site "St Veit"]
[Date "2017.06.04"]
[Round "4.3"]
[White "Riegler, Leonie"]
[Black "Stadlinger, Lea"]
[Result "0-1"]
[WhiteElo "1666"]
[BlackElo "1386"]
[PlyCount "82"]
[EventDate "2017.06.03"]
[EventType "swiss"]
[EventRounds "7"]
[EventCountry "AUT"]
[SourceTitle "EXT 2024"]
[Source "ChessBase"]
[SourceDate "2023.10.10"]
[SourceVersion "1"]
[SourceVersionDate "2023.10.10"]
[SourceQuality "1"]

1. e4 e5 2. Nf3 Nc6 3. Bb5 a6 4. Ba4 b5 5. Bb3 Bc5 6. 0-0 Nf6 7. c3 Ba7 8. d4 d6 9. Bg5 h6 10. Bh4 0-0 11. h3 Bd7 12. Na3 Qe7 13. Nc2 Kh8 14. Ne3 g5 15. Nxg5 hxg5 16. Bxg5 Rg8 17. Nd5 Rxg5 18. Nxe7 Nxe7 19. Qf3 Neg8 20. Bxf7 Rf8 21. h4 Rg7 22. Bxg8 Rgxg8 23. Qe3 Ng4 24. Qd2 Rf6 25. f3 exd4 26. cxd4 Ne5 27. Kh2 Nc4 28. Qf2 Ne5 29. Qd2 Nc4 30. Qc3 Rh6 31. d5+ Kh7 32. g3 Be3 33. b3 Bf4 34. Rg1 Rxh4+ 35. Kg2 Rxg3+ 36. Kf1 Nd2+ 37. Ke2 Rh2+ 38. Kd3 Rxf3+ 39. Kc2 Nxe4+ 40. Qd2 Rxd2+ 41. Kb1 Nc3+ 0-1

[Event "AUT-ch U14 Girls"]
[Site "St Veit"]
[Date "2017.06.03"]
[Round "2.1"]
[White "Riegler, Leonie"]
[Black "Moerwald, Magdalena"]
[Result "0-1"]
[WhiteElo "1666"]
[BlackElo "1798"]
[PlyCount "80"]
[EventDate "2017.06.03"]
[EventType "swiss"]
[EventRounds "7"]
[EventCountry "AUT"]
[SourceTitle "EXT 2024"]
[Source "ChessBase"]
[SourceDate "2023.10.10"]
[SourceVersion "1"]
[SourceVersionDate "2023.10.10"]
[SourceQuality "1"]

1. e4 c6 2. d4 d5 3. e5 Bf5 4. Nf3 e6 5. Be2 Nd7 6. 0-0 c5 7. Be3 cxd4 8. Nxd4 Bg6 9. f4 Bc5 10. Bf2 Ne7 11. c4 0-0 12. cxd5 Nxd5 13. Nb3 Bxf2+ 14. Rxf2 Ne3 15. Qc1 Nc2 16. Nc3 Nxa1 17. Qxa1 a6 18. g4 h6 19. f5 exf5 20. gxf5 Bh7 21. e6 fxe6 22. fxe6 Rxf2 23. Kxf2 Qb6+ 24. Kg3 Qxe6 25. Bg4 Qe3+ 26. Kg2 Ne5 27. Be6+ Kh8 28. Qd1 Rf8 29. Bd5 Bd3 30. Nd2 Rf2+ 31. Kh1 Qxd2 32. Qxd2 Rxd2 33. Bxb7 Rxb2 34. Bd5 Bf1 35. Kg1 Bh3 36. a4 Ng4 37. a5 Rc2 38. Na2 Rd2 39. Bb3 Rg2+ 40. Kh1 Nf2# 0-1

[Event "AUT-ch U12 Girls"]
[Site "Woerth"]
[Date "2015.05.26"]
[Round "7.4"]
[White "Rigler, Caroline"]
[Black "Riegler, Leonie"]
[Result "0-1"]
[WhiteElo "1303"]
[BlackElo "1329"]
[PlyCount "49"]
[EventDate "2015.05.23"]
[EventType "swiss"]
[EventRounds "7"]
[EventCountry "AUT"]
[SourceTitle "EXT 2024"]
[Source "ChessBase"]
[SourceDate "2023.10.10"]
[SourceVersion "1"]
[SourceVersionDate "2023.10.10"]
[SourceQuality "1"]

1. e4 c5 2. Nf3 Nc6 3. d4 cxd4 4. Nxd4 e6 5. Nc3 a6 6. Be3 Qc7 7. Qd2 Nf6 8. f3 Ne5 9. 0-0-0 b5 10. Kb1 Nc4 11. Bxc4 bxc4 12. f4 Bb4 13. e5 Ne4 14. Qe1 Nxc3+ 15. bxc3 Ba3 16. Nb3 cxb3 17. cxb3 Bb7 18. b4 Be4+ 19. Ka1 a5 20. Bc5 Bd5 21. Qd2 axb4 22. Bxb4 Bxb4 23. cxb4 Rxa2+ 24. Qxa2 Bxa2 25. Kxa2 0-1

[Event "AUT-ch U10 Girls"]
[Site "Linz"]
[Date "2013.06.01"]
[Round "4"]
[White "Zhbanova, Angelina"]
[Black "Riegler, Leonie"]
[Result "1-0"]
[WhiteElo "1371"]
[BlackElo "1247"]
[PlyCount "79"]
[EventDate "2013.05.31"]
[EventType "swiss"]
[EventRounds "7"]
[EventCountry "AUT"]
[SourceTitle "EXT 2015"]
[Source "ChessBase"]
[SourceDate "2014.11.20"]
[SourceVersion "1"]
[SourceVersionDate "2014.11.20"]
[SourceQuality "1"]

1. e4 c5 2. Nf3 d6 3. d4 cxd4 4. Nxd4 e6 5. Nc3 a6 6. Be3 Nf6 7. f3 Be7 8. Qd2 0-0 9. 0-0-0 Bd7 10. g4 Nc6 11. h4 b5 12. Nxc6 Bxc6 13. h5 h6 14. g5 hxg5 15. Bxg5 b4 16. Ne2 a5 17. Nd4 Bd7 18. h6 g6 19. h7+ Kh8 20. Bh6 Nh5 21. Bxf8 Bg5 22. Bh6 Bxd2+ 23. Bxd2 Kxh7 24. Bd3 Kg8 25. Rdg1 Nf6 26. f4 Qb6 27. Be3 Qb7 28. f5 exf5 29. exf5 Kf8 30. fxg6 fxg6 31. Rf1 Kg8 32. Bxg6 Kg7 33. Rhg1 Ng4 34. Bh5 Qc8 35. Bxg4 Bxg4 36. Rf4 Qb7 37. Rgxg4+ Kh8 38. Rg1 Qh7 39. Ne6 Rc8 40. Bd4+ 1-0

[Event "AUT-ch U10 Girls"]
[Site "Linz"]
[Date "2013.05.31"]
[Round "1"]
[White "Riegler, Leonie"]
[Black "Kueng, Lea"]
[Result "1-0"]
[WhiteElo "1247"]
[BlackElo "1040"]
[PlyCount "59"]
[EventDate "2013.05.31"]
[EventType "swiss"]
[EventRounds "7"]
[EventCountry "AUT"]
[SourceTitle "EXT 2015"]
[Source "ChessBase"]
[SourceDate "2014.11.20"]
[SourceVersion "1"]
[SourceVersionDate "2014.11.20"]
[SourceQuality "1"]

1. d4 d5 2. Nf3 Nf6 3. e3 c6 4. Bd3 e6 5. Nbd2 Nbd7 6. 0-0 Be7 7. Re1 Bd6 8. e4 dxe4 9. Nxe4 Nb6 10. Bg5 0-0 11. Nxf6+ gxf6 12. Bh6 e5 13. Bxf8 Kxf8 14. dxe5 fxe5 15. Nxe5 Bb4 16. c3 Bd6 17. Bxh7 Qh4 18. Qxd6+ Ke8 19. Nf3+ Be6 20. Nxh4 Nc8 21. Qb4 b6 22. Qa4 b5 23. Qa6 Kd7 24. Qb7+ Kd8 25. Qxa8 Kc7 26. Bf5 Bxf5 27. Nxf5 Nb6 28. Re7+ Nd7 29. Qxa7+ Kd8 30. Qxd7# 1-0

[Event "AUT-ch U08 Girls"]
[Site "Schladming"]
[Date "2012.06.09"]
[Round "4.3"]
[White "Novak, Eos Isabella Maria"]
[Black "Riegler, Leonie"]
[Result "0-1"]
[WhiteElo "827"]
[BlackElo "1160"]
[PlyCount "54"]
[EventDate "2012.06.08"]
[EventType "swiss"]
[EventRounds "7"]
[EventCountry "AUT"]
[SourceTitle "EXT 2024"]
[Source "ChessBase"]
[SourceDate "2023.10.10"]
[SourceVersion "1"]
[SourceVersionDate "2023.10.10"]
[SourceQuality "1"]

1. e4 c5 2. Bb5 Nc6 3. Nc3 d6 4. Nf3 e6 5. Ng5 Qxg5 6. b3 a6 7. Bd3 Be7 8. 0-0 Nf6 9. f4 Qh6 10. Re1 Qxf4 11. Qe2 e5 12. Ba3 0-0 13. g3 Qh6 14. Qe3 Qg6 15. Nd5 Nxd5 16. exd5 Qg4 17. Kg2 Nd4 18. h3 Qxh3+ 19. Kg1 Bf5 20. Bxf5 Nxf5 21. Qe2 Nxg3 22. Kf2 Nxe2 23. Kxe2 Qh2+ 24. Ke3 Bg5+ 25. Ke4 Qg2+ 26. Kf5 Bxd2 27. Red1 Qf3# 0-1

[Event "AUT-ch U08 Girls"]
[Site "Schladming"]
[Date "2012.06.08"]
[Round "2.1"]
[White "Kueng, Lea"]
[Black "Riegler, Leonie"]
[Result "1/2-1/2"]
[WhiteElo "971"]
[BlackElo "1160"]
[PlyCount "80"]
[EventDate "2012.06.08"]
[EventType "swiss"]
[EventRounds "7"]
[EventCountry "AUT"]
[SourceTitle "EXT 2024"]
[Source "ChessBase"]
[SourceDate "2023.10.10"]
[SourceVersion "1"]
[SourceVersionDate "2023.10.10"]
[SourceQuality "1"]

1. e4 c5 2. Bc4 d6 3. Nf3 e6 4. 0-0 Be7 5. Nc3 a6 6. d3 Nf6 7. d4 cxd4 8. Nxd4 0-0 9. Bh6 Re8 10. Qf3 Bd7 11. Bxg7 Kxg7 12. Qh3 e5 13. Qh4 exd4 14. Bd3 dxc3 15. bxc3 Nxe4 16. Qxe4 f5 17. Qd4+ Bf6 18. Qd5 Bc6 19. Qb3 Nd7 20. Rfe1 Rxe1+ 21. Rxe1 Nc5 22. Qb2 Nxd3 23. cxd3 Qa5 24. Re3 Bxc3 25. Qb1 Bd4 26. Re1 Qc5 27. h3 Bxf2+ 28. Kf1 Bxe1 29. Kxe1 Qe5+ 30. Kd2 Re8 31. Qd1 Qe3+ 32. Kc2 Ba4+ 33. Kc3 Bxd1 34. g4 Qe1+ 35. Kc4 b5+ 36. Kd5 Bf3+ 37. Kd4 fxg4 38. a3 gxh3 39. a4 h2 40. a5 h1Q 1/2-1/2